| 000 | 00624nam a2200181 i 4500 | ||
|---|---|---|---|
| 001 | 59460 | ||
| 003 | ES-MaACL | ||
| 005 | 20250826055720.0 | ||
| 007 | t| | ||
| 008 | 031029s1932 fr ||||1| fre d | ||
| 245 | 0 | 2 |
_aL'Enseignement de la medicine en France _b: les centres français d'enseignement de la medicine dans le monde. |
| 250 | _aNouvelle ed. mise á jour en 1931. | ||
| 260 |
_a[Paris] : _bLa Presse Médicale, _c1932 ( _eCorbeil : _fCrété) |
||
| 300 |
_a172 p. ; _c23 cm. |
||
| 650 | 7 |
_aMedicina- _xEstudio y enseñanza- _zFrancia _2 _9163763 |
|
| 852 |
_aES-MaACL _jE-652 |
||
| 999 |
_c59460 _d59460 |
||